Pays européens neutres lors de la Seconde Guerre mondiale - Statistiques

Statistiques générales
  • Ce quiz a été pris 33 062 fois
    32 528 depuis la dernière actualisation
  • Le résultat moyen est 5 sur 8
Statistiques - réponses
Pays % Correct
Suisse
97%
Portugal
74%
Suède
72%
Espagne
66%
Andorre
59%
Irlande
58%
Vatican
57%
Liechtenstein
50%
Aucun quiz correspondant
Distribution des résultats
% des personnes avec chaque résultat
Percentile par nombre de réponses
Votre historique - résultats
Vous n’avez pas pris ce quiz depuis la dernière actualisation